LEADER 00843nam0-2200301---450- 001 990008788420403321 005 20090108135746.0 035 $a000878842 035 $aFED01000878842 035 $a(Aleph)000878842FED01 035 $a000878842 100 $a20090108d1976----km-y0itay50------ba 101 1 $afre 102 $aFR 105 $aa-------001yy 200 1 $a<>psychanalyse$eson image et son public$fSerge Moscovici 210 $aParis$cPresses universitaires de France$d1976 215 $a506 p.$cill.$d22 cm 225 1 $aBibliothèque de psychanalyse 676 $a150.19$v19 700 1$aMoscovici,$bSerge$f<1925- >$049432 801 0$aIT$bUNINA$gRICA$2UNIMARC 901 $aBK 912 $a990008788420403321 952 $aB 1/6$b49 Dip.$fDMNUP 959 $aDMNUP 996 $aPsychanalyse$9809517 997 $aUNINA LEADER 01312cam0-22004451i-450- 001 990003747390403321 005 20050921110053.0 035 $a000374739 035 $aFED01000374739 035 $a(Aleph)000374739FED01 035 $a000374739 100 $a20030910d1979----km-y0itay50------ba 101 0 $aita 102 $aIT 105 $aa-------001yy 200 1 $a<>condizione anziana oggi$ebisogni, rapporti sociali e nuove politiche d'intervento$fA. Amato, M. Ampola ...[et al.]$ga cura di Paolo Guidicini 210 $aMilano$cFranco Angeli$d1979 215 $a252 p.$cill.$d22 cm 225 1 $aCollana di sociologia urbana e rurale$v13 610 0 $aAnziani$aCondizioni sociali 610 0 $aAnziani$aServizi sociali 610 0 $aFattori Culturali 676 $a305.26 676 $a362.6 676 $a040.004 702 1$aAmato,$bAda 702 1$aGuidicini,$bPaolo$f<1933- > 801 0$aIT$bUNINA$gRICA$2UNIMARC 901 $aBK 912 $a990003747390403321 952 $a305.26 GUI 1$b805$fBFS 952 $aCOLLEZ. 229 (13)$b16233$fFSPBC 952 $a040.004.GUI$b2085$fDECGE 952 $a01 L X 2099$b04600$fDINST 959 $aBFS 959 $aFSPBC 959 $aDECGE 959 $aDINST 996 $aCondizione anziana oggi$9509585 997 $aUNINA